000 00368nam a2200157Ia 4500
003 IT-RoPAU
008 120407s9999 xx 000 0 und d
040 _aIT-RoPAU
040 _cIT-RoPAU
100 _aHans Urs von Balthasar
245 _aCon occhi semplici. Verso una nuova coscienza cristiana
260 _aHerder
300 _c cm
490 _v1
942 _cBK
999 _c6727
_d6727